<?xml version="1.0" encoding="UTF-8"?>
<collection xmlns="http://www.loc.gov/MARC21/slim">
<record>
  <controlfield tag="001">797</controlfield>
  <datafield tag="037" ind1=" " ind2=" ">
    <subfield code="a">CaVaHC-MAP-1890-0006</subfield>
  </datafield>
  <datafield tag="041" ind1=" " ind2=" ">
    <subfield code="a">eng</subfield>
  </datafield>
  <datafield tag="100" ind1=" " ind2=" ">
    <subfield code="a">Eager, E N</subfield>
  </datafield>
  <datafield tag="245" ind1=" " ind2=" ">
    <subfield code="a">1890 Official Map of the County of Solano California</subfield>
  </datafield>
  <datafield tag="260" ind1=" " ind2=" ">
    <subfield code="c">1890</subfield>
  </datafield>
  <datafield tag="520" ind1=" " ind2=" ">
    <subfield code="a">Showing Mexican Grants, United States Government, Swamp Land Surveys, Present Private Land Ownership, Roads and Railroads.  Compiled by County Surveyor E.N. Eager.  Colored by E.M. Sleator.  Approved by the Board of Supervisors on April 7, 1890.  Corrected to July 1, 1890.</subfield>
  </datafield>
  <datafield tag="856" ind1="0" ind2=" ">
    <subfield code="f">vacahc@gmail.com</subfield>
  </datafield>
  <datafield tag="980" ind1=" " ind2=" ">
    <subfield code="a">28393462837</subfield>
  </datafield>
</record>
</collection>